Harrod's librarians'glossary of terms used in librarianship, documentation and the book crafts

Bibliographic Details
Main Author: Harrod, Leonard Montague (Author)
Format: Book
Language:Undetermined
PhysicalDescription:861 s.
Published: Vermont Gower Publishing Company 1984

MARC

LEADER 00000nam a2200000 a 4500
001 vtls001327351
003 SK-MaSNL
005 20260301114248.0
008 240313s1984 xx 0 und
035 |a SNK000280148 
040 |a SNK  |b slo  |c SNK  |e AACR2 
100 1 |a Harrod, Leonard Montague  |4 aut  |9 457495 
245 1 |a Harrod's librarians'glossary of terms used in librarianship, documentation and the book crafts 
260 |a Vermont  |b Gower Publishing Company  |c 1984 
300 |a 861 s. 
958 |a OND 
999 |c 717721  |d 719651 
952 |t P60, <04>, [BOOK], {604}  |a SNK  |b SNK  |y VYP  |7 0  |p 17A0096358  |o snkIC 99363  |0 0  |1 0  |4 0  |d 1998-04-08  |l 0  |r 2005-01-02 00:00:00  |w 2026-02-23